[Event "Gap op"]
[Site "Gap"]
[Date "2007.04.28"]
[Round "9"]
[White "Vincensini, Emmanuel"]
[Black "Poletti, Fausto"]
[Result "0-1"]
[WhiteElo "1984"]
[BlackElo "2044"]
[PlyCount "82"]
[EventDate "2007.04.22"]
[EventType "swiss"]
[EventRounds "9"]
[EventCountry "FRA"]
[SourceTitle "EXT 2008"]
[Source "ChessBase"]
[SourceDate "2007.11.25"]
[SourceVersion "1"]
[SourceVersionDate "2007.11.25"]
[SourceQuality "1"]

1. d4 Nf6 2. Nf3 g6 3. c4 Bg7 4. Nc3 d6 5. e4 0-0 6. Be2 e5 7. 0-0 Nc6 8. d5 Ne7 9. b4 Ne8 10. Nd2 f5 11. f3 f4 12. c5 g5 13. Nc4 Rf6 14. b5 Rg6 15. b6 cxb6 16. cxd6 Nxd6 17. Ba3 Nxc4 18. Bxc4 Kh8 19. d6 Nc6 20. Bf7 Rf6 21. Bh5 Bd7 22. Qd3 Rh6 23. Bg4 Qe8 24. Bxd7 Qxd7 25. Rab1 Bf8 26. Rb5 g4 27. Rd5 Rg6 28. Ne2 Bg7 29. Rb1 Bf6 30. Rbb5 Rag8 31. Bb2 gxf3 32. Qxf3 Rxg2+ 33. Kf1 Qg7 34. Ke1 Rxh2 35. d7 Rd8 36. Rd6 Rxd7 37. Rxd7 Qxd7 38. Nxf4 Qd2+ 39. Kf1 Nd4 40. Rd5 Nxf3 41. Rxd2 Rxd2 0-1

[Event "Gap op"]
[Site "Gap"]
[Date "2007.04.23"]
[Round "2"]
[White "Moussard, Jules"]
[Black "Vincensini, Emmanuel"]
[Result "1-0"]
[WhiteElo "2181"]
[BlackElo "1984"]
[PlyCount "33"]
[EventDate "2007.04.22"]
[EventType "swiss"]
[EventRounds "9"]
[EventCountry "FRA"]
[SourceTitle "EXT 2008"]
[Source "ChessBase"]
[SourceDate "2007.11.25"]
[SourceVersion "1"]
[SourceVersionDate "2007.11.25"]
[SourceQuality "1"]

1. e4 e6 2. d4 d5 3. Nc3 Bb4 4. Nge2 Nc6 5. a3 Ba5 6. e5 Nge7 7. Ng3 0-0 8. Be3 Ng6 9. Nh5 f6 10. exf6 gxf6 11. g3 e5 12. b4 Bb6 13. dxe5 d4 14. Bc4+ Kh8 15. Bh6 Rg8 16. exf6 Qe8+ 17. Qe2 1-0